Thermodynamics and Transport Properties of Fluids, 5/e (Record no. 267894)
[ view plain ]
| 000 -LEADER | |
|---|---|
| fixed length control field | 00289 a2200121 4500 |
| 001 - CONTROL NUMBER | |
| control field | 32821 |
| 090 ## - LOCALLY ASSIGNED LC-TYPE CALL NUMBER (OCLC); LOCAL CALL NUMBER (RLIN) | |
| -- | 21993 |
| -- | 21993 |
| 100 ## - MAIN ENTRY--PERSONAL NAME | |
| Personal name | Rogers,G.F.C |
| 245 ## - TITLE STATEMENT | |
| Title | Thermodynamics and Transport Properties of Fluids, 5/e |
| Remainder of title | SI units |
| 250 ## - EDITION STATEMENT | |
| Edition statement | 5 |
| 260 ## - PUBLICATION, DISTRIBUTION, ETC. | |
| Place of publication, distribution, etc. | USA |
| Name of publisher, distributor, etc. | Blackwell Pub |
| Date of publication, distribution, etc. | 2003 |
| 300 ## - PHYSICAL DESCRIPTION | |
| Extent | 28 p. |
| 942 ## - ADDED ENTRY ELEMENTS (KOHA) | |
| Institution code [OBSOLETE] | NUST-CAE |
| Withdrawn status | Lost status | Damaged status | Not for loan | Collection code | Permanent Location | Current Location | Date acquired | Total Checkouts | Barcode | Date last seen | Price effective from | Koha item type |
|---|---|---|---|---|---|---|---|---|---|---|---|---|
| College of Aeronautical Engineering (CAE) | College of Aeronautical Engineering (CAE) | 04/03/2017 | CAEN-2749 | 04/05/2017 | 04/05/2017 | Book |
